[Event "ch-AZE U20"]
[Site "Baku AZE"]
[Date "2009.04.22"]
[Round "9"]
[White "Bajarani,U"]
[Black "Rasulov,Vu"]
[Result "1-0"]
[WhiteElo "2331"]
[BlackElo "2488"]

1.e4 c5 2.Nf3 e6 3.d4 cxd4 4.Nxd4 a6 5.Nc3 Qc7 6.Be2 b5 7.O-O Nc6 8.Nxc6 dxc6
9.a4 b4 10.Nb1 Nf6 11.Nd2 e5 12.b3 Bc5 13.Bb2 O-O 14.c3 Be6 15.Qc2 bxc3 16.Bxc3 Rfd8
17.Rac1 a5 18.Nf3 Bd4 19.Ng5 Bg4 20.Bc4 Bh5 21.Bxd4 exd4 22.f4 h6 23.e5 d3
24.Qd2 Ng4 25.Nxf7 Bxf7 26.e6 Kh8 27.exf7 Qa7+ 28.Kh1 Ne3 29.Rf3 Nxc4 30.Rxc4 Qxf7
31.Rxd3 Rxd3 32.Qxd3 Re8 33.h3 Qa7 34.Kh2 Qf2 35.Re4 Rxe4 36.Qxe4 Qb6 37.Qf3 Qd4
38.Kg3 c5 39.h4 Kh7 40.h5 c4 41.bxc4 Qxc4 42.Qd1 Qe4 43.Qb3 Qe1+ 44.Kg4 Qe2+
45.Qf3 Qc4 46.Qd1 Qe4 47.g3 Kh8 48.Kh3 Kh7 49.Kh2 Kh8 50.Kg1 Qe3+ 51.Kg2 Kh7
52.Qb1+ Kh8 53.Qc2 Kg8 54.f5 Qg5 55.Qb3+ Kh7 56.Qf3 Qd2+ 57.Kh3 Qe1 58.Qd3 Kh8
59.Qf3 Qe8 60.g4 Qe5 61.Kg2 Qb2+ 62.Kg3 Qe5+ 63.Qf4 Qe1+ 64.Qf2 Qe5+ 65.Kh3 Qc3+
66.Qg3 Qc6 67.Qb8+ Kh7 68.Qb3 Qh1+ 69.Kg3 Qg1+ 70.Kf3 Qf1+ 71.Ke4 Qg2+ 72.Kf4 Qh2+
73.Qg3 Qa2 74.Qd3 Qh2+ 75.Ke4 Qg2+ 76.Ke5 Qb2+ 77.Kd5 Qb7+ 78.Ke5 Qc7+ 79.Qd6 Qc3+
80.Qd4 Qc6 81.Qe4 Qc7+ 82.Ke6 Qb6+ 83.Kd7 Qa7+ 84.Kd6 Qb6+ 85.Qc6 Qb8+ 86.Kd7 Qb4
87.Kc7 Qb3 88.f6 Qg3+ 89.Kb6 Qb8+ 90.Ka6 Qf4 91.f7 Qf1+ 92.Kxa5 Qe1+ 93.Kb5 Qe5+
94.Ka6 Qe2+ 95.Ka5 Qd2+ 96.Kb5 Qd3+ 97.Qc4 Qd7+ 98.Kb4 Qd2+ 99.Kb3 Qe3+ 100.Kb2 Qb6+
101.Kc1 Qe3+ 102.Kc2 Qf2+ 103.Kd1 Qg1+ 104.Kc2 Qf2+ 105.Kb3 Qe3+ 106.Kb2 Qb6+
107.Qb3 Qd4+ 108.Kb1 Qg1+ 109.Ka2 Qf2+ 110.Ka1 Qd4+ 111.Kb1 Qg1+ 112.Kb2 Qd4+
113.Qc3 Qb6+ 114.Ka2 Qe6+ 115.Ka1 Qxf7 116.Qc2+  1-0

[Event "11th Open St-Quentin en Yvelines"]
[Site "Elancourt FRA"]
[Date "2009.04.23"]
[Round "7"]
[White "Douat,J"]
[Black "Baron,D"]
[Result "0-1"]
[WhiteElo "1897"]
[BlackElo "2102"]

1.e4 c5 2.Nf3 e6 3.d4 cxd4 4.Nxd4 a6 5.Nc3 Qc7 6.a3 Nf6 7.Be3 b5 8.Bd3 b4
9.Nb1 Bb7 10.f3 d5 11.Nd2 bxa3 12.bxa3 Bd6 13.g3 O-O 14.O-O Nbd7 15.c4 dxe4
16.Nxe4 Nxe4 17.Bxe4 Bxe4 18.fxe4 Bxg3 19.Qe2 Be5 20.Ra2 Nc5 21.Qg2 Rad8
22.Nf3 Bf4 23.Bxf4 Qxf4 24.Ng5 Qe3+ 25.Kh1 h6 26.Nh3 Qxe4 27.Qxe4 Nxe4 28.Nf2 Rd2
29.Rxd2 Nxd2 30.Rc1 Rc8 31.c5 Kf8 32.c6 Ke7 33.c7 Nb3 34.Rc6 a5 35.Rc3 Nd4
36.Rc5 a4 37.Rc4 Nb5 38.Ne4 Rxc7 39.Rxa4 Ra7 40.Rxa7+ Nxa7 41.a4 f5 42.Nd2 Kd6
43.Kg2 Kc5 44.Kf3 Nc6 45.Ke3 e5 46.Nf3 Kb4 47.h4 Kxa4 48.h5 Kb4 49.Nxe5 Nxe5
50.Kf4 Nd7 51.Kxf5 Nf6  0-1

[Event "NK Jeugd A"]
[Site "Venlo NED"]
[Date "2009.04.25"]
[Round "2"]
[White "Smith,T"]
[Black "Van Zetten,M"]
[Result "1/2-1/2"]
[WhiteElo "1955"]
[BlackElo "1984"]

1.e4 c5 2.Nf3 e6 3.d4 cxd4 4.Nxd4 a6 5.Nc3 Qc7 6.Qf3 Nf6 7.Bg5 Be7 8.O-O-O Nc6
9.Nb3 b5 10.Bf4 e5 11.Bg5 b4 12.Bxf6 bxc3 13.Bxg7 cxb2+ 14.Kb1 Rg8 15.Bh6 d6
16.Bc4 Be6 17.Bxe6 fxe6 18.Qc3 a5 19.a4 Rc8 20.Qxb2 Rxg2 21.Rhg1 Rxf2 22.Rg8+ Kf7
23.Rg7+ Ke8 24.Rg8+ Kf7 25.Rg7+  1/2-1/2

[Event "Algimantas Cesnauskas Mem"]
[Site "Panevezys LAT"]
[Date "2009.04.26"]
[Round "9"]
[White "Starostits,I"]
[Black "Neiksans,A"]
[Result "0-1"]
[WhiteElo "2464"]
[BlackElo "2458"]

1.e4 c5 2.Nf3 e6 3.d4 cxd4 4.Nxd4 a6 5.Nc3 b5 6.Bd3 Qb6 7.Be3 Bc5 8.Nce2 Nf6
9.c3 Ng4 10.b4 Nxe3 11.fxe3 Bd6 12.O-O Nc6 13.a4 bxa4 14.Qxa4 Bb7 15.h3 O-O
16.Rfb1 Ne5 17.c4 Nxd3 18.c5 Qc7 19.cxd6 Qxd6 20.b5 axb5 21.Qxb5 Rxa1 22.Rxa1 Bxe4
23.Ra7 e5 24.Ng3 Qg6 25.Nxe4 Qxe4 26.Nc2 d5 27.Ra4 d4 28.Ra3 Nf4 29.exf4 Qxc2
30.Kh2 Qc1 31.Rf3 e4 32.Rf1 Qe3 33.f5 f6 34.Qd5+ Kh8 35.Qd6 Rg8 36.Rb1 Qf2
37.Rb8 Qxf5 38.Qf8 Qe5+  0-1

[Event "zt 3.5 Men"]
[Site "Beijing CHN"]
[Date "2009.04.27"]
[Round "10"]
[White "Gao Rui"]
[Black "Yu Yangyi"]
[Result "0-1"]
[WhiteElo "2500"]
[BlackElo "2433"]

1.e4 c5 2.Nf3 e6 3.d4 cxd4 4.Nxd4 a6 5.Nc3 Nc6 6.Be3 Nf6 7.Bd3 d5 8.exd5 exd5
9.O-O Bd6 10.Nxc6 bxc6 11.Bg5 O-O 12.Qf3 Rb8 13.Bxf6 Qxf6 14.Qxf6 gxf6 15.Na4 a5
16.b3 Be6 17.Rad1 Rfd8 18.Rd2 c5 19.Be2 Kg7 20.Bf3 d4 21.Nb2 c4 22.Nxc4 Bxc4
23.bxc4 Rb2 24.Bd5 Rxa2 25.Rxd4 Bc5 26.Rg4+ Kh8 27.Rh4 Rxc2 28.Rxh7+ Kxh7
29.Be4+ Kh6 30.Bxc2 Rd2 31.Bb3 Rb2 32.Ba4 Ra2 33.Bb3 Ra3 34.Rb1 a4 35.Bd1 Ra2
36.Kf1 Rxf2+ 37.Ke1 a3 38.Rb5 a2 39.Ra5 Bb4+  0-1

[Event "IV Tch-ESP Selecciones Autonomicas"]
[Site "Villava ESP"]
[Date "2009.05.02"]
[Round "4"]
[White "Pascual Palomo,L"]
[Black "Lopez Grana,C"]
[Result "1-0"]
[WhiteElo "2162"]
[BlackElo "1751"]

1.e4 c5 2.Nf3 e6 3.d4 cxd4 4.Nxd4 a6 5.Nc3 Qc7 6.g3 Nf6 7.Bg2 Be7 8.O-O d6
9.a4 Nbd7 10.a5 Rb8 11.Nde2 Ne5 12.b3 Nc6 13.Bd2 h5 14.Bg5 Nxa5 15.Qd2 Nc6
16.Rad1 Bd7 17.Kh1 Ne5 18.f4 Ng6 19.f5 Ne5 20.Nd4 Rc8 21.Nce2 Neg4 22.fxe6 fxe6
23.h3 e5 24.Nf5 Bxf5 25.Rxf5 Nh6 26.Bxh6 Rxh6 27.c4 Qb6 28.Qd3 Nd7 29.Rdf1 Nf6
30.Qf3 Rc5 31.Qe3 Rc6 32.Qd3 Qc7 33.Rd1 a5 34.Nc3 Rc5 35.Nb5 Qb6 36.Qd2 Rc6
37.Ra1 Bd8 38.Qg5 Kf8 39.Qd2 Rg6 40.Kh2 Kg8 41.Bf3 Rh6 42.Rf1 Be7 43.Bxh5 Rxh5
44.Rxh5 Nxh5 45.Qd5+ Kh7 46.Qf7 Bf6 47.Qxh5+ Kg8 48.Qe8+ Kh7 49.Rf5 g6 50.Rxf6 Qd4
51.Qxg6+  1-0

[Event "ch-LTU"]
[Site "Vilnius LTU"]
[Date "2009.05.02"]
[Round "1"]
[White "Sulskis,S"]
[Black "Zagorskis,D"]
[Result "1-0"]
[WhiteElo "2555"]
[BlackElo "2514"]

1.e4 c5 2.Nf3 e6 3.d4 cxd4 4.Nxd4 a6 5.Nc3 Qc7 6.Bd3 Bc5 7.Nb3 Be7 8.Qg4 Bf6
9.f4 d6 10.Bd2 Nc6 11.O-O-O Nge7 12.Qf3 Nb4 13.Kb1 Nxd3 14.cxd3 Nc6 15.g4 Bd7
16.g5 Be7 17.f5 O-O-O 18.f6 gxf6 19.gxf6 Bf8 20.Rc1 Kb8 21.Na4 b5 22.Ba5 Qa7
23.Bb6 Qa8 24.Bxd8 bxa4 25.Na5 Nxd8 26.Qf2  1-0

[Event "84th ch-ARG Semifinal"]
[Site "La Plata ARG"]
[Date "2009.05.03"]
[Round "6"]
[White "Tristan,L"]
[Black "Duarte,Le"]
[Result "1-0"]
[WhiteElo "2393"]
[BlackElo "2341"]

1.e4 c5 2.Nc3 e6 3.Nf3 a6 4.d4 cxd4 5.Nxd4 Qc7 6.Bd3 Nc6 7.Nxc6 bxc6 8.O-O Nf6
9.f4 d5 10.Qf3 Be7 11.Bd2 O-O 12.Rae1 g6 13.Kh1 Rd8 14.exd5 cxd5 15.Be3 Bc5
16.f5 Bxe3 17.fxe6 fxe6 18.Qxf6 Bh6 19.Nxd5 Rxd5 20.Rxe6 Bxe6 21.Qxe6+ Kh8
22.Qxd5 Rd8 23.Rf7 Rxd5 24.Rxc7 Bc1 25.Rb7 a5 26.g3 a4 27.Kg2 a3 28.b4 Rd6
29.Ra7 Bd2 30.b5 Bb4 31.Ra4 Bc5 32.Rc4 Bb6 33.Rc3 Kg7 34.Rxa3 Kf6 35.Ra8  1-0

[Event "2nd Mayors Cup"]
[Site "Mumbai IND"]
[Date "2009.05.03"]
[Round "4"]
[White "Iuldachev,S"]
[Black "Fenil,S"]
[Result "1-0"]
[WhiteElo "2497"]
[BlackElo "2247"]

1.e4 c5 2.Nc3 e6 3.Nf3 a6 4.d4 cxd4 5.Nxd4 Qc7 6.g3 Nc6 7.Bg2 d6 8.O-O Bd7
9.Re1 Be7 10.Nxc6 Bxc6 11.Qg4 h5 12.Qe2 h4 13.Bf4 hxg3 14.hxg3 Kf8 15.Rad1 Nf6
16.Rd3 Rc8 17.Red1 Ne8 18.Qd2 b5 19.a3 a5 20.b4 axb4 21.axb4 Qb7 22.Re1 Bf6
23.g4 Be5 24.Bg3 Bxg3 25.Rxg3 g6 26.Ree3 Kg7 27.Rh3 Nf6 28.g5 Ng4 29.Qxd6 Rxh3
30.Rxh3 Qc7 31.Qd4+ Qe5 32.Ne2 Qxd4 33.Nxd4 Bd7 34.Rd3 Ne5 35.Ra3 Nc6 36.Nxc6 Rxc6
37.c3 e5 38.Kf1 Be6 39.Ke1 Bc4 40.Bf3 f6 41.Ra7+ Bf7 42.Be2 Rb6 43.c4 fxg5
44.c5 Rb8 45.c6 Kf6 46.c7 Rh8 47.Bg4 Be6 48.Ra6  1-0

[Event "Torch Real Estate Cup"]
[Site "Chengdu CHN"]
[Date "2009.05.04"]
[Round "1"]
[White "Peng Xiaomin"]
[Black "Tong Yuanming"]
[Result "1-0"]
[WhiteElo "2588"]
[BlackElo "2502"]

1.e4 c5 2.Nf3 e6 3.Nc3 a6 4.d4 cxd4 5.Nxd4 b5 6.Bd3 Qb6 7.Nf3 Bb7 8.O-O d6
9.Re1 Nd7 10.a4 b4 11.a5 Qc7 12.Na2 Ngf6 13.Nxb4 d5 14.Nxd5 exd5 15.exd5+ Kd8
16.c4 Bd6 17.h3 Re8 18.Bd2 Nc5 19.Bf1 Rxe1 20.Bxe1 Nce4 21.b4 Rc8 22.Qd4 Qe7
23.Ra2 Ke8 24.Re2 Kf8 25.c5 Bb8 26.d6 Qd8 27.Ne5 Nxd6 28.cxd6 Qxd6 29.Qxd6+ Bxd6
30.Nd3 Nd5 31.Rb2 Ke7 32.Nc5 Bxc5 33.bxc5 Rc7 34.Bc4 Ke6 35.c6 Bxc6 36.Bxa6 Ra7
37.Bc4 Rb7 38.Rxb7 Bxb7 39.Bc3 f6 40.Bd4 Kd6 41.a6 Bc8 42.f3 Kc6 43.Kf2 Nc7
44.a7 Kb7 45.Bd3 f5 46.g4 g6 47.Kg3 Bd7 48.gxf5 gxf5 49.Bf2 Nb5 50.Kf4 Nxa7
51.Bxa7 Kxa7 52.Bxf5 Be8 53.Bxh7 Kb6 54.Ke5 Kc7 55.h4 Kd8 56.Ke4  1-0

[Event "Moscow Region Spring GM"]
[Site "Serpukhov RUS"]
[Date "2009.05.05"]
[Round "8"]
[White "Iljiushenok,I"]
[Black "Simantsev,M"]
[Result "1-0"]
[WhiteElo "2413"]
[BlackElo "2511"]

1.e4 c5 2.Nc3 e6 3.Nf3 a6 4.d4 cxd4 5.Nxd4 b5 6.Bd3 Qb6 7.Nb3 Qc7 8.O-O Nc6
9.Qe2 Nf6 10.Be3 Be7 11.a3 O-O 12.f4 d6 13.Rae1 Re8 14.Bf2 Nd7 15.Nd4 Bb7
16.e5 Nc5 17.Nxc6 Qxc6 18.Bxc5 Qxc5+ 19.Kh1 Qc7 20.f5 exf5 21.Bxf5 g6 22.e6 gxf5
23.exf7+ Kxf7 24.Rxf5+ Kg7 25.Qg4+ Kh8 26.Qd4+ Kg8 27.Nd5 Bxd5 28.Qxd5+ Kh8
29.Rf7 Qc4 30.Qf5 Qh4 31.g3 Qh6 32.Rexe7 Rxe7 33.Rxe7 Qc1+ 34.Kg2 Qd2+ 35.Qf2 Qg5
36.Qd4+ Kg8 37.Qxd6 Rf8 38.Qe6+ Kh8 39.Qe5+ Qxe5 40.Rxe5 Rd8 41.Kf3 Rd2 42.Re2 Rd1
43.Ke3 Kg7 44.Rd2 Rb1 45.c3 Kf6 46.Kd4  1-0

[Event "ch-LTU"]
[Site "Vilnius LTU"]
[Date "2009.05.05"]
[Round "5"]
[White "Sulskis,S"]
[Black "Kveinys,A"]
[Result "1-0"]
[WhiteElo "2555"]
[BlackElo "2534"]

1.e4 c5 2.Nf3 e6 3.d4 cxd4 4.Nxd4 a6 5.Nc3 Qc7 6.Bd3 Nf6 7.Qe2 Bd6 8.Ndb5 axb5
9.Nxb5 Qa5+ 10.Bd2 Bb4 11.Bxb4 Qxb4+ 12.c3 Qc5 13.e5 Nd5 14.Nd6+ Ke7 15.Qh5 Nc6
16.Qxf7+ Kd8 17.Qxg7 Re8 18.O-O Re7 19.Qf8+ Kc7 20.b4 Qb6 21.Rfe1 Nxc3 22.Rac1  1-0

[Event "ch-LTU"]
[Site "Vilnius LTU"]
[Date "2009.05.06"]
[Round "6"]
[White "Malisauskas,V"]
[Black "Grabliauskas,V"]
[Result "1-0"]
[WhiteElo "2459"]
[BlackElo "2413"]

1.e4 c5 2.Nf3 e6 3.d4 cxd4 4.Nxd4 a6 5.Nc3 Qc7 6.g3 Bb4 7.Bd2 Nf6 8.Bg2 Nc6
9.Nb3 Be7 10.f4 d6 11.a4 b6 12.g4 h6 13.Qe2 Rb8 14.h4 Nb4 15.O-O-O h5 16.gxh5 Bd7
17.h6 g6 18.f5 gxf5 19.exf5 e5 20.Bg5 Bxf5 21.Bxf6 Bxf6 22.Rhf1 Bxc2 23.Rxf6 Bxb3
24.Rdxd6 Qc5 25.Rd5 Qe7 26.Rf5 Bxd5 27.Nxd5 Qc5+ 28.Kb1 Nxd5 29.Qxe5+ Ne7
30.Qxb8+ Qc8 31.Qxc8+ Nxc8 32.Rh5 Nd6 33.Bf1 a5 34.Bd3 Ke7 35.Kc2 f6 36.h7 Ke6
37.Kc3 Rc8+ 38.Kd4 Rh8 39.b3 Ke7 40.Kd5 Nf7 41.Bb1 Rc8 42.Rf5 Rc3 43.Rf1 Rxb3
44.Re1+ Kf8 45.Bg6 Kg7 46.Bxf7 Kxh7 47.Be8 Kg7 48.h5 f5 49.Rg1+ Kh7 50.Bb5 f4
51.Rf1 f3 52.Ke4 Kh6 53.Rxf3 Rb4+ 54.Kd5 Kxh5 55.Kc6  1-0

[Event "Copenhagen Chess Challenge"]
[Site "Ballerup DEN"]
[Date "2009.05.07"]
[Round "2"]
[White "Capion,J"]
[Black "Pallesen,Ja"]
[Result "0-1"]
[WhiteElo "1662"]
[BlackElo "2030"]

1.e4 c5 2.Nf3 e6 3.d4 cxd4 4.Nxd4 a6 5.Nc3 Qc7 6.a3 Nc6 7.Nxc6 bxc6 8.g3 a5
9.Bg2 Ba6 10.Be3 Nf6 11.f4 Be7 12.Bd4 Rb8 13.b3 O-O 14.Bxf6 gxf6 15.Ne2 Bc5
16.c3 Qb6 17.b4 Bf2+ 18.Kf1 Qe3 19.Ra2 axb4 20.axb4 Bc4 21.Rb2 Ra8 22.Bh3 d5
23.Kg2 Qb6 24.e5 f5 25.Nd4 Bxd4 26.cxd4 Ra3 27.Qh5 Rfa8 28.Qg5+ Kf8 29.Qh6+ Ke8
30.Rd1 Ra2 31.Rxa2 Rxa2+ 32.Kg1 Qxb4 33.Qxh7 Qb2  0-1

[Event "Copenhagen Chess Challenge"]
[Site "Ballerup DEN"]
[Date "2009.05.07"]
[Round "2"]
[White "Lauridsen,Jesper"]
[Black "Glud,J"]
[Result "1-0"]
[WhiteElo "2223"]
[BlackElo "2454"]

1.e4 c5 2.Nf3 e6 3.d4 cxd4 4.Nxd4 a6 5.Nc3 b5 6.Bd3 Qb6 7.Nf3 Nc6 8.O-O Qb8
9.e5 Nge7 10.Be4 Bb7 11.Re1 Qc7 12.Bd2 Rb8 13.Ng5 h6 14.Nh7 Nxe5 15.Nxf8 Kxf8
16.Bxb7 Rxb7 17.Bf4 N7g6 18.Bg3 d6 19.f4 Nc4 20.b3 Nb6 21.f5 Ne7 22.fxe6 Qxc3
23.Qxd6 Qc6 24.Qd8+ Qe8 25.Rad1 f6 26.Bc7 Nbd5 27.Ba5 Qxd8 28.Bxd8 Ke8 29.Ba5 b4
30.a3 bxa3 31.c4 Nb6 32.Rd6 Nec8 33.Rc6 a2 34.c5 Nc4 35.Rxc8+ Ke7 36.Rxh8 Nxa5
37.Rg8 Rxb3 38.Rxg7+ Ke8 39.e7 Re3 40.Rg8+  1-0

[Event "FSFMA May"]
[Site "Budapest HUN"]
[Date "2009.05.07"]
[Round "5"]
[White "Schenkerik,C"]
[Black "Katona,Jo3"]
[Result "1-0"]
[WhiteElo "2215"]
[BlackElo "1951"]

1.e4 c5 2.Nf3 e6 3.d4 cxd4 4.Nxd4 a6 5.Nc3 Ne7 6.Be3 Nbc6 7.Nb3 Ng6 8.f4 Bb4
9.Be2 Na5 10.Qd4 Nxb3 11.axb3 Bxc3+ 12.bxc3 O-O 13.O-O f5 14.e5 Ne7 15.Qd6 Nd5
16.Bd4 g5 17.fxg5 Qxg5 18.Rf3 Nf4 19.Bf1 Ng6 20.Rg3 Qd8 21.Bc5 Re8 22.Ra4 Kf7
23.Bd3 Qe7 24.Qxe7+ Nxe7 25.Rh4 Rh8 26.Be2 Ng6 27.Bh5 Kg7 28.Be7 Kf7 29.Bf6 Rg8
30.Rc4 b5 31.Rc7 Rb8 32.Bf3 Nf8 33.Bh5+ Ng6 34.Rd3 Ke8 35.Kf2 Rf8 36.g3 Rf7
37.Rd4 d5 38.exd6 Rxf6 39.d7+ Bxd7 40.Rdxd7 Kf8 41.Rxh7 Rd8 42.Ke2 f4 43.Bxg6 f3+
44.Ke3 Rxg6 45.Rhf7+ Kg8 46.Rxf3 Rf8 47.Rxf8+ Kxf8 48.Rc6 a5 49.Rc5 a4 50.Rxb5  1-0

[Event "XI Open"]
[Site "Salou ESP"]
[Date "2009.05.07"]
[Round "3"]
[White "Kalegin,E"]
[Black "Narciso Dublan,M"]
[Result "1/2-1/2"]
[WhiteElo "2490"]
[BlackElo "2534"]

1.e4 c5 2.Nf3 e6 3.Nc3 a6 4.d4 cxd4 5.Nxd4 Qc7 6.Bd3 Nf6 7.O-O Bc5 8.Nb3 Be7
9.f4 d6 10.Kh1 Nc6 11.Qf3 O-O 12.Be3 b5 13.Rae1 Bb7 14.Qh3 Rfe8 15.Nd4 Nb4
16.Bf2 Nd7 17.a3 Nxd3 18.cxd3 Nc5 19.Rc1 Rac8 20.b4 Na4 21.Nde2 Qd7 22.Bd4 Bf8
23.Ng3 f6 24.Nh5 Qf7 25.Ne2 Rxc1 26.Nxc1 Rc8 27.Ne2 Rc2 28.Neg3 Rd2 29.Qg4 f5
30.Qg5 Rxd3 31.Ba1 h6 32.Qd8 Kh7 33.Rc1 Rxa3 34.h3 Be7 35.Qd7 Rxa1 36.Rxa1 Bxe4
37.Rc1 Nb6 38.Qa7 Nd5 39.Rc8 Nxb4 40.Nxe4 fxe4 41.Qd4 Qxh5 42.Qxe4+ Qf5 43.Qxb4 e5
44.Re8 Bf6 45.Qxd6 exf4 46.Qb8 Qd7 47.Rh8+ Kg6 48.Qxf4 Qd1+ 49.Kh2 Qe2 50.Qg3+ Kf7
51.Qc7+ Kg6 52.Qg3+ Kf7 53.Qc7+ Qe7 54.Qc1 Qe5+ 55.Kh1 Qa1 56.Qxa1 Bxa1 57.Ra8 Bc3
58.Rxa6 b4 59.g4 b3 60.Rb6 b2 61.Kg2 Ke7 62.Kf3 Kd7 63.Ke4 Kc7 64.Rb3 Kd6
65.Kd3 Bf6 66.Rb5 Kc6 67.Kc4 Kd6 68.Rb6+ Kc7 69.Rb3 Kc6 70.Rb5 Kd6 71.Rb6+  1/2-1/2

[Event "Copenhagen Chess Challenge"]
[Site "Ballerup DEN"]
[Date "2009.05.08"]
[Round "4"]
[White "Lauritsen,M"]
[Black "Feuerstack,A"]
[Result "0-1"]
[WhiteElo "2063"]
[BlackElo "2345"]

1.e4 c5 2.Nf3 e6 3.Nc3 a6 4.d4 cxd4 5.Nxd4 Qc7 6.Be3 Bb4 7.Qd2 Nf6 8.f3 d5
9.Bg5 e5 10.Nb3 d4 11.Nxd4 exd4 12.Qxd4 Nc6 13.Qd2 Be6 14.a3 Rd8 15.Bd3 Be7
16.O-O-O Ne5 17.Qe3 h6 18.Bh4 Nfg4 19.fxg4 Bxh4 20.Kb1 Nxg4 21.Qh3 Qe7 22.g3 Ne3
23.Qxh4 g5 24.Nd5 Rxd5 25.Qh5 Bg4 26.Qxg4 Nxg4 27.exd5 Nf2 28.d6 Qe6 29.Rhe1 Nxd1
30.Rxe6+ fxe6 31.Be4 Kd7 32.Bxb7 a5 33.c4 Rb8 34.Bf3 Nxb2  0-1

[Event "TCh-ISR 2008-9"]
[Site "Israel ISR"]
[Date "2009.05.08"]
[Round "7"]
[White "Tseitlin,Ma"]
[Black "Kantsler,B"]
[Result "1/2-1/2"]
[WhiteElo "2437"]
[BlackElo "2491"]

1.e4 c5 2.Nf3 e6 3.Nc3 a6 4.d4 cxd4 5.Nxd4 b5 6.Bd3 Bb7 7.O-O Nc6 8.Nxc6 Bxc6
9.Re1 Bc5 10.Be3 Bxe3 11.Rxe3 Ne7 12.Qh5 Ng6 13.a4 b4 14.Ne2 d6 15.Nd4 Bd7
16.Bc4  1/2-1/2

[Event "III Cerrado Manises"]
[Site "Manises ESP"]
[Date "2009.05.09"]
[Round "7"]
[White "Valmana Canto,J"]
[Black "Garcia Fernandez,C"]
[Result "0-1"]
[WhiteElo "2341"]
[BlackElo "2385"]

1.e4 c5 2.Nc3 e6 3.Nf3 a6 4.d4 cxd4 5.Nxd4 Qc7 6.Bd3 Nf6 7.O-O d6 8.a4 Nbd7
9.f4 h5 10.Kh1 Be7 11.Be3 b6 12.Bg1 Nc5 13.Qe1 Bb7 14.b4 Nxd3 15.cxd3 Rc8
16.Rc1 Qb8 17.Qg3 h4 18.Qh3 Nh5 19.Nce2 Bf6 20.Nf3 Bb2 21.Rb1 Bf6 22.Rfc1 Bc6
23.Bf2 Bxa4 24.Rxc8+ Qxc8 25.Rc1 Qd8 26.Bxh4 Bxh4 27.Nxh4 Nxf4 28.Nxf4 Qxh4
29.Qxh4 Rxh4 30.g3 Rh6 31.Rc8+ Kd7 32.Rf8 g5 33.Ng2 Ke7 34.Rb8 Bb5 35.Ne1 g4
36.Kg2 Kf6 37.d4 Bc4 38.Rxb6 d5 39.Nc2 dxe4 40.Ne3 Be2 41.d5 Ke5 42.d6 Rh8
43.d7 f5 44.Rc6 Rd8  0-1

[Event "TCh-NED 2008-9"]
[Site "Netherlands NED"]
[Date "2009.05.10"]
[Round "9"]
[White "Nijboer,F"]
[Black "Van der Weide,K"]
[Result "1/2-1/2"]
[WhiteElo "2564"]
[BlackElo "2473"]

1.e4 c5 2.Nf3 e6 3.Nc3 a6 4.d4 cxd4 5.Nxd4 d6 6.Be3 b5 7.Qd2 Nf6 8.f3 Bb7
9.g4 h6 10.O-O-O Nbd7 11.Bd3 Nb6 12.Qf2 Nfd7 13.h4 Rc8 14.Nce2 Qc7 15.Kb1 Nc4
16.Bxc4 Qxc4 17.Ng3 Ne5 18.Nb3 Qc7 19.Bb6 Qb8 20.Na5 Ba8 21.Bd4 Qc7 22.Bb6 Qb8
23.Bd4 Qc7 24.Bc3 Be7 25.Nb3 Rg8 26.g5 hxg5 27.hxg5 g6 28.Ba5 Qc6 29.f4 Nc4
30.Bb4 Qc7 31.Qe1 e5 32.fxe5 dxe5 33.Bxe7  1/2-1/2

[Event "Young Stars of the World"]
[Site "Kirishi RUS"]
[Date "2009.05.12"]
[Round "4"]
[White "Chan Yi Ren,D"]
[Black "Stukopin,A"]
[Result "1-0"]
[WhiteElo "2375"]
[BlackElo "2380"]

1.e4 c5 2.Nf3 e6 3.d4 cxd4 4.Nxd4 a6 5.Nc3 b5 6.Be2 Bb7 7.Bf3 Qc7 8.O-O d6
9.a4 b4 10.Na2 Nf6 11.Re1 Nbd7 12.Bg5 h6 13.Bxf6 Nxf6 14.Nxb4 d5 15.Nxd5 exd5
16.exd5+ Kd7 17.d6 Bxf3 18.Qxf3 Bxd6 19.Nf5 Rae8 20.Nxg7 Rxe1+ 21.Rxe1 Qc6
22.Qf5+ Kc7 23.g3 Bc5 24.b4 Bxb4 25.Qf4+ Qd6 26.Qc4+ Bc5 27.Nf5 Qd5 28.Qf4+ Bd6
29.Nxd6 Qxd6 30.Qc4+ Qc6 31.Re7+ Nd7 32.Rxd7+ Kxd7 33.Qd4+ Qd6 34.Qxh8 Qd1+
35.Kg2 Qd5+ 36.f3 Qd2+ 37.Kh3 Qxc2 38.Qd4+ Kc8 39.Qe4 Qb3 40.Qc6+ Kb8 41.a5 Ka7
42.Qxh6 Qxf3 43.Qb6+ Ka8 44.Qxa6+ Kb8 45.Qb5+ Kc8 46.a6 Qe3 47.Qc6+ Kd8 48.Qd6+ Ke8
49.Qf6 Qd3 50.Qe5+ Kf8 51.Qc5+ Kg7 52.a7 Qf1+ 53.Kh4 Qg2 54.Qd4+ f6 55.Qd7+ Kh6
56.h3 Qe4+ 57.Qg4 Qd5 58.Qf4+ Kg6 59.g4 Qa5 60.Qf5+  1-0

[Event "XXVIII Open"]
[Site "Zalakaros HUN"]
[Date "2009.05.12"]
[Round "5"]
[White "Pergel,L"]
[Black "Horvath,Gy1"]
[Result "1/2-1/2"]
[WhiteElo "2288"]
[BlackElo "2370"]

1.e4 c5 2.Nf3 e6 3.d4 cxd4 4.Nxd4 a6 5.Nc3 Qc7 6.Be2 b5 7.O-O Bb7 8.a3 Nf6
9.Bd3 d6 10.Kh1 Be7 11.f4 O-O 12.Qf3 Nc6 13.Be3 Rad8 14.Qg3 d5 15.exd5 Nxd5
16.Nxd5 Rxd5 17.Qh3 g6 18.Nxe6 Qd7 19.Nxf8 Qxh3 20.gxh3 Nd4 21.Kg1 Rd8 22.Bxd4 Rxd4
23.Kf2 Rxf4+ 24.Ke3 Rxf1 25.Rxf1 Kxf8 26.a4 bxa4 27.Ra1 a3 28.bxa3 a5 29.a4 Bc5+
30.Kd2 Ke7 31.Rb1 Bc6 32.Bb5 Bg2 33.Bc4 f5 34.Re1+ Kf6 35.c3 Be4 36.Bd3 Bc6
37.Bb5 Be4 38.Bd3 Bc6 39.Rb1 Ke5 40.Rb8 Bxa4 41.Bb5 Bb3 42.Ra8 Bb6 43.Ra6 Bd8
44.c4 f4 45.c5 Be6 46.Ra8 Bg5 47.h4 Be7 48.Re8 Kf6 49.c6 Bd6 50.Rd8 Ke5 51.Re8 Kf6
52.Rh8  1/2-1/2

[Event "ch-ESP Universities"]
[Site "La Pineda de Vila-Seca ESP"]
[Date "2009.05.14"]
[Round "7"]
[White "Antoli Royo,J"]
[Black "Fidalgo Fernandez,J"]
[Result "0-1"]
[WhiteElo "2416"]
[BlackElo "2285"]

1.e4 c5 2.Nf3 e6 3.d4 cxd4 4.Nxd4 a6 5.Nc3 d6 6.f4 Nc6 7.Be3 Nf6 8.Qf3 Bd7
9.O-O-O Qc7 10.h3 Rc8 11.Bd3 b5 12.g4 b4 13.Nce2 d5 14.e5 Ne4 15.Bxe4 dxe4
16.Qxe4 b3 17.axb3 Qa5 18.Kb1 Be7 19.Rh2 O-O 20.Nc1 Qc7 21.h4 a5 22.Nb5 Qb7
23.Na7 Ra8 24.Rxd7 Qxd7 25.Nxc6 Rfc8 26.Nxe7+ Qxe7 27.f5 Rab8 28.f6 Qc7 29.Qf4 Qd8
30.h5 Qf8 31.Qg5 g6 32.Nd3 Rb5 33.Qh4 Rc7 34.Bd2 Rd7 35.Bc1 Qb8 36.Nf4 Qe8
37.Qg5 Rd1 38.hxg6 fxg6 39.Rh6 Rb7 40.Nxg6 Qf7 41.Ne7+ Kh8 42.Rg6 Rxe7 43.Rg7 Qxg7
44.fxg7+ Rxg7 45.Qf6 h5 46.gxh5 Kh7 47.h6 Rgg1 48.Qf7+ Kh8 49.Qf4 Kh7 50.c3 Rdf1
51.Qe4+ Kh8 52.Qe3 Re1 53.Qf4 Ref1 54.Qxf1 Rxf1 55.Kc2 Rf5 56.c4 Rxe5 57.Bd2 Kg8
58.b4 axb4 59.Bxb4 Kf7 60.Bc3 Rh5 61.Bd2 e5 62.b4 Ke6 63.b5 Rh3 64.c5 Kd5
65.c6 Kd6 66.Bb4+ Kc7 67.Ba5+ Kd6 68.c7 Kd7 69.b6 Kc8  0-1

[Event "ch-ESP Universities"]
[Site "La Pineda de Vila-Seca ESP"]
[Date "2009.05.14"]
[Round "9"]
[White "Valmana Canto,J"]
[Black "Andres Gonzalez,I"]
[Result "1-0"]
[WhiteElo "2341"]
[BlackElo "2364"]

1.e4 c5 2.Nc3 e6 3.Nf3 a6 4.d4 cxd4 5.Nxd4 Qc7 6.Bd3 b5 7.O-O Bb7 8.Re1 d6
9.a4 b4 10.Na2 Nf6 11.Bd2 Qb6 12.Bxb4 Nbd7 13.Nf3 d5 14.a5 Qc7 15.exd5 Nxd5
16.Bxf8 Kxf8 17.c4 Nf4 18.Be4 Bxe4 19.Rxe4 Nc5 20.Rd4 e5 21.Rd2 Ne4 22.Rd7 Qc5
23.Qc2 Nf6 24.Rad1 e4 25.b4 Qh5 26.Qd2 Nd3 27.Rxd3 exd3 28.Qxd3 g6 29.Nc3 Kg7
30.Nd5 Nxd5 31.cxd5 Rhd8 32.Qd4+ f6 33.g4 Qh3 34.Ng5 Qb3 35.Ne6+ Kf7 36.Nxd8+ Rxd8
37.Rd3 Qb1+ 38.Kg2 Rd6 39.Re3 Rd7 40.Re6  1-0

[Event "XXVIII Open"]
[Site "Zalakaros HUN"]
[Date "2009.05.16"]
[Round "9"]
[White "Piroska,I"]
[Black "Amstadt,A"]
[Result "1-0"]
[WhiteElo "2130"]
[BlackElo "2219"]

1.e4 c5 2.Nf3 e6 3.d4 cxd4 4.Nxd4 a6 5.Nc3 Qc7 6.a3 Nf6 7.Be3 b5 8.Bd3 Bb7
9.O-O d6 10.f4 Nbd7 11.Nb3 Be7 12.Qf3 Rc8 13.Rae1 O-O 14.Qh3 g6 15.f5 exf5
16.exf5 Ne5 17.Bh6 Rfe8 18.fxg6 hxg6 19.Be3 Nfg4 20.Bd4 Bf8 21.Ne4 f5 22.Ng5 Bh6
23.Nf3 Nxf3+ 24.gxf3 Be3+ 25.Rxe3 Nxe3 26.Qh8+ Kf7 27.Qf6+ Kg8 28.Qxg6+ Kf8
29.Qh6+ Kf7 30.Bxe3 Rg8+ 31.Kf2 f4 32.Bd4 Qc6 33.Qf6+  1-0

[Event "Young Stars of the World"]
[Site "Kirishi RUS"]
[Date "2009.05.18"]
[Round "9"]
[White "Kovalev,Vl"]
[Black "Stukopin,A"]
[Result "0-1"]
[WhiteElo "2320"]
[BlackElo "2380"]

1.e4 c5 2.Nf3 e6 3.Nc3 a6 4.d4 cxd4 5.Nxd4 b5 6.Be2 Bb7 7.O-O b4 8.Nd5 exd5
9.exd5 Bc5 10.Re1 Ne7 11.d6 Bxd6 12.Bf3 Bxf3 13.Qxf3 Nc6 14.Nf5 Qc7 15.Nxg7+ Kd8
16.Bg5 Rb8 17.Nf5 f6 18.Nxe7 Bxe7 19.Bxf6 Re8 20.Rad1 Kc8 21.Qh3 Qd8 22.Bg7 Bc5
23.Qxh7 Kc7 24.Qh3 d6 25.c3 Qg5 26.cxb4 Nxb4 27.Bc3 Rf8 28.Qh7+ Kc6 29.Bd4 Rbe8
30.Rxe8 Rxe8 31.Bxc5 Qxc5 32.a3 Re2 33.Rf1 Nd5 34.b4 Qd4 35.Qg8 Nf4 36.Qc8+ Kb5
37.a4+ Kxb4 38.Qxa6 Ka3 39.a5 Qd5 40.f3 Rxg2+ 41.Kh1 Qd2 42.Ra1+ Kb2 43.Qb5+ Kxa1
44.Qa4+ Kb2 45.Qb5+ Ka3  0-1

[Event "VI Moncada Open"]
[Site "Santiago de Cuba CUB"]
[Date "2009.05.18"]
[Round "3"]
[White "Forgas Moreno,Y"]
[Black "Macias Murillo,B"]
[Result "1/2-1/2"]
[WhiteElo "2084"]
[BlackElo "2299"]

1.e4 c5 2.Nf3 e6 3.Nc3 a6 4.d4 cxd4 5.Nxd4 Qc7 6.Be2 Nf6 7.O-O Nc6 8.Be3 Bb4
9.Na4 O-O 10.Nxc6 bxc6 11.Nb6 Rb8 12.Nxc8 Rfxc8 13.Bxa6 Rf8 14.Bd3 Bd6 15.f4 e5
16.f5 Rxb2 17.g4 Rfb8 18.g5 Ne8 19.Qh5 R2b4 20.c3 Ra4 21.Bc2 Qa5 22.Bxa4 Qxa4
23.Qh4 Qc2 24.Rac1 Qd3 25.Bf2 Qc4 26.Rc2 Be7 27.Qg4 Bf8 28.Qe2 Qa4 29.Rd1 Nd6
30.c4 Qb4 31.Qd3 Ra8 32.Qe2 Rd8 33.Kg2 Rb8 34.c5 Qxe4+ 35.Qxe4 Nxe4 36.Rxd7 Nxg5
37.Rc7 e4 38.Rxc6 Re8 39.Be3 Nf3 40.Kf1 Nh4 41.Rb6 Nxf5 42.Ke2 Ne7 43.c6 Nc8
44.c7 f5 45.Rb5 g6 46.Rd5 Bd6 47.Rc6 Bxh2 48.Rd8 Kf7 49.Rf6+ Kxf6 50.Rxe8 Bxc7
51.Rxc8 Be5 52.Rc6+ Ke7 53.Bg5+ Kd7 54.Rb6 Bc7 55.Rf6 Bd8 56.Rf7+ Ke6 57.Bxd8 Kxf7
58.a4 Ke6 59.Ke3 Kd7 60.Bg5 Kc7 61.a5 Kb7 62.Kf4 Ka6 63.Bd8 Kb5 64.Bb6 h6
65.Bc7 h5 66.Bd8 Ka6 67.Ke3  1/2-1/2